| 000 | 01473cam a2200409 i 4500 | ||
|---|---|---|---|
| 001 | data | ||
| 005 | 20260322212108.0 | ||
| 008 | data | ||
| 035 | _a22412025 | ||
| 906 |
_a7 _bcbc _ccopycat _d2 _encip _f20 _gy-gencatlg |
||
| 925 | 0 |
_aacquire _b1 shelf copy _xpolicy default |
|
| 010 | _a 2022932273 | ||
| 015 |
_aGBC2I3797 _2bnb |
||
| 016 | 7 |
_a020777958 _2Uk |
|
| 020 |
_a9780999157077 _q(pbk.) |
||
| 020 | _a0999157078 | ||
| 035 | _a(OCoLC)1348391067 | ||
| 040 |
_aUKMGB _beng _erda _cUKMGB _dDLC _dDLC |
||
| 042 | _alccopycat | ||
| 050 | 0 | 0 |
_aHB615 _b.S7723 2022 |
| 082 | 0 | 4 |
_a306.32 _223 |
| 100 | 1 |
_aStrathern, Marilyn, _eauthor. |
|
| 245 | 1 | 0 |
_aProperty, substance, and effect : _banthropological essays on persons and things / _cMarilyn Strathern ; reprint with a new introduction by Eric Hirsch. |
| 250 | _aNew edition. | ||
| 264 | 1 |
_aChicago : _bHAU Books, _c[2022] |
|
| 300 |
_axxxviii, 320 pages ; _c23 cm. |
||
| 336 |
_atext _2rdacontent |
||
| 337 |
_aunmediated _2rdamedia |
||
| 338 |
_avolume _2rdacarrier |
||
| 490 | 0 | _aClassics in ethnographic theory | |
| 504 | _aIncludes bibliographical references (pages 251-315) and index. | ||
| 650 | 0 | _aProperty. | |
| 650 | 0 |
_aProperty _xSocial aspects. |
|
| 650 | 7 |
_aProperty. _2fast _0(OCoLC)fst01079116 |
|
| 650 | 7 |
_aProperty _xSocial aspects. _2fast _0(OCoLC)fst01079138 |
|
| 999 |
_c1591 _d1591 |
||